000 00997nas a2200241 454500
001 26526
005 20260407193507.0
008 260407s1973####ag###########|||spa#d
003 AR-UNSa-BCEJYS
040 _aAR-UNSa-BCEJYS
_bspa
_cAR-UNSa-BCEJYS
080 _a311.3
_xOrganización general de las estadisticas. Estadística oficial
245 1 0 _aIndice de precios al consumidor
_pCapital Federal
264 1 _aBuenos Aires :
_bINDEC
_c1973
310 _aFrecuencia: Mensual Cambia de título a partir del Nº 41 por Indice de precios al consumidor y salarios industriales
942 _cSER
590 _aniveau_biblio:s niveau_hierar:1
100 1 _aInstituto Nacional de Estadística y Censos (INDEC)
650 _aPrecio
650 _aESTADISTICA
650 _aDatos estadísticos
650 _aConsumidor
856 4 1 _uhttps://biblioeco.unsa.edu.ar/pmb/images/revistas/Indice de precios al consumidor Argentina. Instituto Nacional de Estad?stica y Censos.jpg
_yImagen de portada
_qimage/jpeg
999 _c8609
_d8609